Normal view
MARC view
- Herbst, Alan M , Hopley, George W
Entry Personal Name
001 - CONTROL NUMBER
- control field: 63704
003 - CONTROL NUMBER IDENTIFIER
- control field: NUST
005 - DATE AND TIME OF LATEST TRANSACTION
- control field: 20210628203148.0
008 - FIXED-LENGTH DATA ELEMENTS
- fixed length control field: 210628|| aca||aabn | a|a d
040 ## - CATALOGING SOURCE
- Original cataloging agency: NUST
- Transcribing agency: NUST
100 ## - HEADING--PERSONAL NAME
- Personal name: Herbst, Alan M , Hopley, George W
670 ## - SOURCE DATA FOUND
- Source citation: Work cat.: (NUST): Herbst, Alan M , Hopley, George W, Nuclear energy now , why the time has come for the worlds most misunderstood energy source, 2007
